| 000 | 01354cam a22003853a 4500 | ||
|---|---|---|---|
| 001 | 13769002 | ||
| 003 | PILC | ||
| 005 | 20150903151159.0 | ||
| 008 | 040226s2004 nyu 000 f eng d | ||
| 010 | _a 2004597406 | ||
| 020 | _a055358619x | ||
| 035 | _a(OCoLC)ocm54488589 | ||
| 040 |
_aJAG _cJAG _dSVP _dDLC |
||
| 042 | _alccopycat | ||
| 050 | 0 | 0 |
_aPZ 7 _b.F288 2004 |
| 100 | 1 | _aFeather, Jane. | |
| 245 | 1 | 4 |
_aThe bride hunt / _cJane Feather. |
| 260 |
_aNew York : _bBantam Dell, _c2004. |
||
| 300 |
_a370 pages ; _c18 cm. |
||
| 500 | _a"Bantam Books." | ||
| 500 | _a"Bantam Books historical romance"--Spine. | ||
| 650 | 0 |
_aSisters _vFiction. |
|
| 650 | 0 |
_aPersonals _vFiction. |
|
| 650 | 0 |
_aPoliticians _vFiction. |
|
| 650 | 0 |
_aSingle women _vFiction. |
|
| 655 | 7 |
_aLove stories. _2gsafd |
|
| 655 | 7 |
_aHistorical fiction. _2gsafd |
|
| 710 | 2 |
_aCopyright Paperback Collection (Library of Congress) _5DLC |
|
| 856 | 4 | 2 |
_3Contributor biographical information _uhttp://www.loc.gov/catdir/bios/random056/2004597406.html |
| 856 | 4 | 1 |
_3Sample text _uhttp://www.loc.gov/catdir/samples/random051/2004597406.html |
| 856 | 4 | 2 |
_3Publisher description _uhttp://www.loc.gov/catdir/description/random052/2004597406.html |
| 906 |
_a7 _bcbc _ccopycat _d2 _encip _f20 _gy-genrareb |
||
| 942 |
_2lcc _cBK _kFOR |
||
| 999 |
_c288601 _d288601 |
||